000 00515 a2200193 4500
005 20250218122434.0
008 250218b |||||||| |||| 00| 0 eng d
020 _a9781138098442
_cRs. 1595.00
040 _aMAIN
082 _a305.5688
_bA14D
100 _aAnandhi, S, ed.
245 _aDalit women: Vanguard of an alternative politics in India
260 _bRoutledge
_c2025
_aLondon
300 _axvii, 350
650 _aSociology
650 _aDalit Women
700 _aKapadia, Karin, ed.
942 _cBK
999 _c360997
_d360997